| 000 | 00795 a2200181 4500 | ||
|---|---|---|---|
| 003 | Nust | ||
| 005 | 20230720130330.0 | ||
| 040 | _cNust | ||
| 082 | _a621.317,IBB | ||
| 100 |
_aIbbetson, W. S. _941092 |
||
| 245 |
_aNumerical exercises in electric wiring / _cW. S. Ibbetson |
||
| 250 | _a1st ed | ||
| 260 |
_aLondon _bE & F.N. Spon Limited _c1948 |
||
| 300 | _a91 p | ||
| 505 | _aGeneral Mathematical Principles (Page-1), Resistance (Page-6), DC Circuits (Page-14), A.C Circuits(Page-25), Distribution of Power (Page-36), Instructions (Page-39), Accessories, Switching, Wiring System, Switching Etc (Page-42), Insulation and Cables (Page-43), Joints, Soldering, Etc (Page-47), Testing Installation (Page-48). | ||
| 650 |
_aNumerical exercises in electric wiring _9113743 |
||
| 942 |
_2ddc _cBKB |
||
| 999 |
_c180728 _d180728 |
||